000
00271nam a2200109Ia 4500
001
1276031
005
20260417160439.0
008
260417s9999 xx 000 0 und d
020
_a
9786256999879
245
0
_a
En Güzel Mavi
_c
İbtihaj Muhammad
260
_b
Ketebe Çocuk
999
_c
1276031
_d
1276031